000 00655nam a2200253Ia 4500
003 OSt
005 20220918174631.0
006 a|||||r|||| 00| 0
007 ta
008 220917b |||||||| |||| 00| 0 eng d
024 _a13,227
037 _cTextual
040 _aARTS
_cARTS
_beng
041 _2eng
_aeng
082 _aN2, L0
100 _aRogers Edward
_951153
245 0 _aIntroducing constructional art
260 _aLondon
_bB T Batsford
_c1970
300 _a63p.
_ccm.
650 _aARTS
700 _a Sutcliffe Thomas
_951154
942 _hN2, L0
_cTEXL
_2CC
999 _c153994
_d153994